=LDR 00000nam 2200000 4500 =001 NUTBA000000000005501 =005 20141031153852.0 =006 =007 =008 =020 ##$$a 978-602-9227-84-0 =035 ##$$a 0010-101400000000731 =040 ##$$a NBPDMAT =082 ##$$a R.603 =090 ##$$a R.603 $b Fac e =100 ##$$a Fachri Al-Jupri =245 ##$$a Ensiklopedia teknologi, Informasi dan komunikasi / $c Fachri Al-Jupri ; editor , Monica Herlina =250 ##$$a Cet.2 =260 ##$$a Jakarta : $b Wadah Ilmu, $c 2011 =300 ##$$a v, 109 hlm. : $b ilus. ; $c 28 cm. =500 ##$$a Bibliografi : hlm. 108 =650 ##$$a Teknologi - Ensiklopedi =700 ##$$a Monica Herlina =850 ##$$a NBPDMAT